Foundations of software technology and theoretical computer science : tenth conference, Bangalore, India, December 17-19, 1990 : proceedings /

Bibliographic Details
Other Authors: Nori, Kesav V., Madhavan, C. E. Veni
Format: Book
Language:English
Published: Berlin ; New York : Springer-Verlag, [1990]
Series:Lecture notes in computer science ; 472.
Subjects:

MARC

Tag First Indicator Second Indicator Subfields
LEADER 00000cam a2200000 a 4500
001 in00001007162
005 20150927214943.0
008 910103s1990 gw a b 10000 eng d
010 |z a MI 
020 |a 0387534873 (New York) 
020 |a 3540534873 (Berlin) 
035 |a (OCoLC)22917943 
035 |9 AFD5581AM 
040 |a VYF  |c VYF  |d PIT  |d TXA  |d UtOrBLW 
049 |a TXAM 
090 |a QA76.751  |b .F68 1990 
245 0 0 |a Foundations of software technology and theoretical computer science :  |b tenth conference, Bangalore, India, December 17-19, 1990 : proceedings /  |c K.V. Nori, C.E. Veni Madhavan (eds.). 
264 1 |a Berlin ;  |a New York :  |b Springer-Verlag,  |c [1990] 
264 4 |c ©1990 
300 |a x, 420 pages :  |b illustrations ;  |c 24 cm. 
336 |a text  |b txt  |2 rdacontent 
337 |a unmediated  |b n  |2 rdamedia 
338 |a volume  |b nc  |2 rdacarrier 
490 1 |a Lecture notes in computer science ;  |v 472 
504 |a Includes bibliographical references. 
650 0 |a Computer software  |v Congresses. 
650 0 |a Computer science  |v Congresses. 
700 1 |a Nori, Kesav V. 
700 1 |a Madhavan, C. E. Veni. 
830 0 |a Lecture notes in computer science ;  |v 472. 
999 |a MARS 
999 f f |s 1307ffde-9166-3169-97bc-4666ed61cf4b  |i 91c12e9a-15f0-3055-8fad-cda80480da58  |t 0 
952 f f |p ric  |a Texas A&M University  |b Rellis Campus  |c Joint Library Facility  |d Remote Storage  |t 0  |e QA76.751 .F68 1990  |h Library of Congress classification  |i unmediated -- volume  |m A14814340045 
998 f f |a QA76.751 .F68 1990  |t 0  |l Remote Storage